Královna zlodějů & chaosu /
Další kniha romantasy série Osud a plamen od kanadské autorky. Království stojí na pokraji chaosu...
Uloženo v:
| Série: | Osud a plamen,
část 3 |
|---|---|
| Hlavní autor: | |
| Další autoři: | |
| Médium: | Kniha |
| Jazyk: | Czech |
| Vydáno: |
V Praze :
Fragment,
2026
|
| Vydání: | 1. vydání |
| Témata: | |
| Celkem bylo vypůjčeno: | 0x |
| Příbuzné jednotky: | Z cyklu::
Osud a plamen |
| Tagy: |
Žádné tagy |
| LEADER | 02317nam a2200469 i 4500 | ||
|---|---|---|---|
| 001 | 106488 | ||
| 003 | CZ PrNK | ||
| 005 | 20260604153822.0 | ||
| 007 | ta | ||
| 008 | 260527s2026 xr a g 000 f cze | ||
| 015 | |a cnb003759142 | ||
| 020 | |a 9788025378106 |q (brožováno) : |c Kč 599,00 | ||
| 040 | |a ABG001 |b cze |e rda | ||
| 041 | 1 | |a cze |h eng | |
| 072 | 7 | |a 821.111-3 |x Anglická próza, anglicky psaná |2 Konspekt |9 25 | |
| 080 | |a 821.111(71)-31 |2 MRF | ||
| 080 | |a (0:82-312.9) |2 MRF | ||
| 100 | 1 | |a Tucker, K. A. |d 1978- |q (Kathleen A.), |7 xx0193435 |4 aut | |
| 240 | 1 | 0 | |a Queen of thieves & chaos. |l Česky |
| 245 | 1 | 0 | |a Královna zlodějů & chaosu / |c K.A. Tuckerová ; přeložil Josef Kalousek |
| 246 | 3 | |a Královna zlodějů a chaosu | |
| 250 | |a 1. vydání | ||
| 264 | 1 | |a V Praze : |b Fragment, |c 2026 | |
| 300 | |a 573 stran ; |c 21 cm | ||
| 336 | |a text |b txt |2 rdacontent | ||
| 337 | |a bez média |b n |2 rdamedia | ||
| 338 | |a svazek |b nc |2 rdacarrier | ||
| 500 | |a Přeloženo z angličtiny | ||
| 520 | 2 | |a Další kniha romantasy série Osud a plamen od kanadské autorky. Království stojí na pokraji chaosu... |b Atticusova moc začíná slábnout a ve snaze udržet si kontrolu nad říší musí sáhnout ke stále zoufalejším činům. Zander bojuje o osud Isloru na hranicích, ke kterým se blíží armády Ybarisu. Má jen omezené možnosti, a proto musí zariskovat a vsadit na křehká spojenectví s nejistým výsledkem. A zdi Ulysede ukrývají tajemství. Nová královna Romeria ví, že v uličkách skrytého města najde odpovědi. Budou ale stačit na záchranu království? Nebo je jeho osud už zpečetěn? Nakladatelská anotace. | |
| 521 | 8 | |a Pro čtenáře od 18 let | |
| 653 | 0 | |a romantasy | |
| 655 | 7 | |a kanadské romány (anglicky) |7 fd139325 |2 czenas |9 54047 | |
| 655 | 7 | |a fantasy romány |7 fd184199 |2 czenas |9 54250 | |
| 655 | 9 | |a Canadian fiction (English) |2 eczenas | |
| 655 | 9 | |a fantasy novels |2 eczenas | |
| 700 | 1 | |a Kalousek, Josef, |d 1997- |7 xx0276944 |4 trl |9 113624 | |
| 710 | 2 | |a Fragment (nakladatelství) |7 ko2004244768 |4 pbl |9 117176 | |
| 787 | 0 | 8 | |i Z cyklu: |t Osud a plamen |g 3 |
| 910 | |a UOG502 | ||
| 942 | |2 ddc |c KN | ||
| 999 | |d 106488 | ||
| 993 | |0 0 |1 421180107208 |2 ddc |4 0 |7 0 |9 99932 |b 0 |c 107208 |d 2026-06-04 |e 0 |f DOSP |h 599.00 |i Koupě |l DOSP |r 2026-06-05 |t 6 |w 2026-06-04 |y KN |z BELET |n | ||